000 01547nam a2200217 a 4500
001 000000232
005 20200929145319.0
008 081124s1984 dr a 001 0 spa d
040 _aDO-SdBNP
_bspa
_cBNPHU
082 _a174.2
_bM385e
100 1 _aMartínez, V. Alonso
_9763
245 1 0 _aÉtica profesional para médicos y psicólogos /
_cV. Alonso Martínez ; portada Rachel Morales.
260 _aSanto Domingo :
_bAlfa & Omega,
_c1984.
300 _a105 p. :
_bil. ;
_c21 cm.
505 0 _tDedicatoria --
_tIntroducción--
_tSistema nervioso --
_tGlándulas endócrinas --
_tDefinición y división de ética --
_tProblemas morales de la medicina --
_tAborto --
_tPrácticas de laboratorio de seres humanos --
_tBibliografía sobre el aborto --
_tAnagrama -- El secreto profesional médico --
_tTeoría de la ley natural de la moralidad --
_tHonorarios profesional --
_tDicotomía --
_tIncompetencia profesional --
_tPsiquiatras y psicólogos --
_tÉtica y religión --
_tEpílogo ¿Es posible y humana la contindencia? --
_tMasturbación, prostitución, amor libre --
_tAparato genital masculino --
_tOrganos sexuales secundarios --
_tLa ley natural: "creced y multiplicaos" --
_tAmor libre etc. --
_t¿Se atrofian órganos secundarios? --
_tEnfermedades mentales, impotencia etc. --
_tLa incontinencia, sí produce enfermedades La sífilis, etc.
590 _aInventariado, 2018/MFF
650 4 _aMédicos
_xÉtica profesional
_9764
650 4 _aPsicólogos
_xÉtica profesional
_9616
700 1 _aMorales, Rachel
_9765
910 _aValidado. Control de calidad MFF
999 _c232
_d232